Ane's illustrated dictionary of biotechnology / (Record no. 133170)
[ view plain ]
| 000 -LEADER | |
|---|---|
| fixed length control field | 00773nam a2200205 a 4500 |
| 001 - CONTROL NUMBER | |
| control field | vtls003234011 |
| 003 - CONTROL NUMBER IDENTIFIER | |
| control field | MY-SjTCS |
| 005 - DATE AND TIME OF LATEST TRANSACTION | |
| control field | 20200226114500.0 |
| 008 - FIXED-LENGTH DATA ELEMENTS--GENERAL INFORMATION | |
| fixed length control field | 120711s2009 ii a d 000 0 eng d |
| 020 ## - INTERNATIONAL STANDARD BOOK NUMBER | |
| International Standard Book Number | 9781439801734 (hbk.) |
| 039 #9 - LEVEL OF BIBLIOGRAPHIC CONTROL AND CODING DETAIL [OBSOLETE] | |
| Level of rules in bibliographic description | 201209290946 |
| Level of effort used to assign nonsubject heading access points | shuhada |
| Level of effort used to assign subject headings | 201209290945 |
| Level of effort used to assign classification | shuhada |
| Level of effort used to assign subject headings | 201209211000 |
| Level of effort used to assign classification | izani |
| -- | 201207111457 |
| -- | malathy |
| 082 04 - DEWEY DECIMAL CLASSIFICATION NUMBER | |
| Classification number | 660.603 |
| Item number | ARO 2009 |
| 100 1# - MAIN ENTRY--PERSONAL NAME | |
| Personal name | Arora, Himanshu, |
| Dates associated with a name | 1974- |
| 9 (RLIN) | 64682 |
| 245 10 - TITLE STATEMENT | |
| Title | Ane's illustrated dictionary of biotechnology / |
| Statement of responsibility, etc. | Himanshu Arora. |
| 246 38 - VARYING FORM OF TITLE | |
| Title proper/short title | Illustrated dictionary of biotechnology |
| 260 ## - PUBLICATION, DISTRIBUTION, ETC. | |
| Place of publication, distribution, etc. | New Delhi, India : |
| Name of publisher, distributor, etc. | Ane Books India ; |
| Place of publication, distribution, etc. | Boca Raton, FL : |
| Name of publisher, distributor, etc. | Published for CRC Press, |
| Date of publication, distribution, etc. | 2009. |
| 300 ## - PHYSICAL DESCRIPTION | |
| Extent | 444 p. : |
| Other physical details | ill. ; |
| Dimensions | 24 cm. |
| 650 #0 - SUBJECT ADDED ENTRY--TOPICAL TERM | |
| Topical term or geographic name entry element | Biotechnology |
| Form subdivision | Dictionaries. |
| 9 (RLIN) | 17523 |
| 920 ## - Programme | |
| Programme | BMS : 185994 |
| Withdrawn status | Lost status | Source of classification or shelving scheme | Damaged status | Not for loan | Home library | Current library | Date acquired | Total Checkouts | Barcode | Date last seen | Copy number | Koha item type | Public note |
|---|---|---|---|---|---|---|---|---|---|---|---|---|---|
| Withdrawn | Dewey Decimal Classification | Taylor's Library-TU | Taylor's Library-TU | 16/08/2012 | 5000135238 | 05/12/2019 | 1 | Reference Collection | SBSxx,36100,02,GR |